Movies Quiz

Random Movies or Actor Quiz

Common Denominator Movies Quiz Stats

 Plays Quiz not verified by Sporcle

Score 0/20 Timer 10:00
0 Plays Today
Hint Answer % Correct
Billy Madison, Happy Gilmore, Big Daddy, ClickAdam Sandler
98%
The Shawshank Redemption, Seven, Lean On Me, Brubaker, An Unfinished LifeMorgan Freeman
96%
Liar Liar, The Mask, The Truman Show, Yes ManJim Carrey
94%
Big, Toy Story, Forrest Gump, Sleepless in SeattleTom Hanks
94%
Ghost, Striptease, G I Jane, The Scarlet LetterDemi Moore
92%
The Devil Wears Prada, Mamma Mia!, The Deer Hunter, Hope SpringsMeryl Streep
90%
Witness, The Fugitive, Apocalypse Now, LuvHarrison Ford
88%
Top Gun, Risky Business, Rain Man, MagnoliaTom Cruise
88%
Top Gun, French Kiss, When Harry Met Sally, Prelude to a KissMeg Ryan
86%
Runaway Bride, Pretty Woman, The Pelican Brief, Notting HillJulia Roberts
86%
Hint Answer % Correct
Annie Hall, The First Wives Club, Something's Gotta Give, The GodfatherDiane Keaton
82%
Men in Black, The Fugitive, JFK, The ClientTommy Lee Jones
80%
Bad Moms, Friends with Benefits, Oz the Great and Powerful, TedMila Kunis
72%
The Pacifier, Pitch Black, Riddick, The Tooth FairyVin Diesel
72%
Heathers, Girl Interrupted, Black Swan, Reality BitesWinona Ryder
66%
Mean Girls, Baby Mama, Admission, Date NightTina Fey
66%
Georgia Rule, Liz & Dick, The Parent Trap, Freaky FridayLindsay Lohan
66%
The Notebook, The Vow, The Time Traveler's Wife, The Family StoneRachel McAdams
64%
Hachi: A Dog's Tale, The Jackal, First KnightRichard Gere
52%
The Bodyguard, Waterworld, Bull Durham, The PostmanKevin Kostner
16%

You're not logged in!

Compare scores with friends on all Sporcle quizzes.
OR
Log In

Sporcle TV

Today on Sporcle TV


Watch our educational content, quiz creation guides, and fun videos on Sporcle TV.

Show Comments

Extras

Created Aug 11, 2016ReportNominate
Tags:Actor Quiz, common, group

Top Quizzes Today


Score Distribution

Your Account Isn't Verified!

In order to create a playlist on Sporcle, you need to verify the email address you used during registration. Go to your Sporcle Settings to finish the process.

Report this User

Report this user for behavior that violates our Community Guidelines.

Details: